000 00524nam a2200121Ia 4500
008 220615s9999||||xx |||||||||||||| ||und||
100 _aEuropean Investment Bank
245 0 _aFeeding future generations
_bHow finance can boost innovation in agri-food - Executive summary
546 _aEnglish[eng]
650 _aBusiness & Economics||Finance
856 _uhttps://library.oapen.org/bitstream/20.500.12657/47444/1/QH0219461ENN.en.pdf||https://library.oapen.org/bitstream/20.500.12657/47444/1/QH0219461ENN.en.pdf
942 _cEB
999 _c14340
_d14340